[Event "RUS-chT 11th"]
[Site "Sochi"]
[Date "2004.04.25"]
[Round "6.4"]
[White "Amonatov, Farrukh"]
[Black "Timofeev, Artyom"]
[Result "0-1"]
[WhiteElo "2569"]
[BlackElo "2591"]
[Annotator "Gofshtein,L"]
[PlyCount "66"]
[EventDate "2004.04.20"]
[EventType "team-tourn"]
[EventRounds "9"]
[EventCountry "RUS"]
[SourceTitle "EXT 2020"]
[Source "ChessBase"]
[SourceDate "2019.10.17"]
[SourceVersion "1"]
[SourceVersionDate "2019.10.17"]
[SourceQuality "1"]
[WhiteTeam "Samara Termosteps"]
[BlackTeam "Kazan Ladya"]
[WhiteTeamCountry "RUS"]
[BlackTeamCountry "RUS"]

1. e4 {[%mdl 4]} c5 2. Nf3 d6 3. d4 cxd4 4. Nxd4 Nf6 5. Nc3 Nc6 6. Bg5 e6 7.
Qd2 a6 8. O-O-O Bd7 9. f4 b5 10. Nxc6 {Similar positions with a different move
order occur after 10.Bf6.} (10. Bxf6 gxf6 11. Kb1 Qb6 12. Nce2 Na5 (12... Rc8)
13. b3 Rb8 {Popovic-Kozul, Belgrade 1989}) 10... Bxc6 11. Bd3 b4 {Black starts
a typical play on the queenside} 12. Ne2 Qb6 {[%cal Yb6f2] Activizing the
queen by putting it on a7-g1 diagonal} 13. Bxf6 gxf6 14. Kb1 h5 {[%cal Rf8h6,
Rh6d2] Another typical move, opening new options for the bishop for the dark
squared bishop (h6-c1 diagonal)} 15. Rhf1 {[%cal Rf3h3,Rf1f3] Activizng the
rook and preparing to put it on the 3rd rank} a5 {[%cal Ra5a3]} 16. Qe1 {
[%cal Re1h4] Preparing to move the queen to the kingside. Other moves have
also been played, for example:} (16. f5 $2 e5 17. Ng1 Qc5 18. Qe2 a4 $40 {
0-1 Short,N-Kozul,Z/Belgrade 1989/CBM 16/[Boensch,U] (31)}) (16. c3 $1 {
Cholmov-Lukin URS 1989}) (16. Nc1 h4 17. Qe2 Ke7 18. e5 dxe5 19. fxe5 f5 $132 {
0-1 Fontaine,R-Collas,D/St Affrique 2000/EXT 2001 (36)}) 16... a4 $5 $146 {
[%cal Ya4a3,Yb4b3] A novelty. Black continues his advance on the queenside} (
16... Be7 17. f5 e5 18. Nc1 Qc5 19. Qe2 d5 20. Nb3 Qb6 21. exd5 Bxd5 22. Be4
$16 {1-0 Jaenig,R-Bischoff,D/Bad Woerishofen 2002/EXT 2003 (41)}) (16... Rc8
17. Qh4 Be7 18. f5 e5 19. Rd2 a4 20. Rfd1 a3 21. b3 Qe3 22. Qg3 Qc5 23. Qf3 Bb7
24. Bc4 {1-0 Horvath,T-Gyorkos,L/Hungary 1993/TD (44)}) 17. f5 e5 {Practically
forced, black has to close the f-file this way} 18. Bc4 {[%cal Rc4f7] White
transfers the bishop to a much more active position} Qc5 {Attacking the bishop
and trying to get some counterplay on the c-file. 18...Be4 was bad due to 19.
Nf4 with initiative} (18... Bxe4 $2 19. Nf4 Qc6 (19... Bc6 20. Nd5 Bxd5 21.
Rxd5 $36) 20. Qxb4 Bxc2+ 21. Ka1 d5 22. Qb5 $18) 19. Bd5 Rc8 {[%cal Rc5c2,
Rc8c5] Black activizes the rook and attacks the c2 pawn not letting white to
take over d5. As, for example, after 20.Rd2 black plays 20...Bd5 forcing white
to recapture with the pawn} 20. Bxc6+ Rxc6 21. c3 (21. Qd2 Qc4 22. Rfe1 Bh6 23.
Qd3 Rg8 $132) 21... Rg8 {[%cal Rg8g2,Yg7g4,Yg4e4] Black gradually taking the
initiative, all his pieces are very active. 21...Qc4 also deserved attention} (
21... Qc4 $5 {[%cal Rc4e4]}) 22. Qf2 {Trying to simplify the game with the
help of exchanges} (22. g3 a3 $132) 22... Rg4 {[%cal Rg4e4] Transfering the
rook to attack the e4 pawn. 22...a3 also deserved attention breaking the white
structure on the queenside} (22... a3 $5 $132 23. b3 bxc3 24. Kc2 Qxf2 25. Rxf2
Rg4) 23. Qf3 $5 {White tries to sharpen the position by refusing the exchange
of queens} (23. Qxc5 dxc5 $36) 23... Qc4 24. cxb4 Qxb4 (24... Qxe4+ 25. Qxe4
Rxe4 26. b5 Rc8 27. Nc3 Rh4 28. h3 $16) 25. Ng3 Rb6 {[%cal Rb4b2,Rb6b4]} 26.
Rf2 Rf4 27. Qe3 Rxf2 28. Qxf2 h4 29. Nf1 $2 {White doesn't take advantage of
the golden opportunity he had. After the correct 29.Nh5 white had a clear
advantage} (29. Nh5 $1 Be7 30. Qe2 $16) 29... a3 $1 $36 {Further opening the
white king. Black has the initiative} 30. b3 Qxe4+ 31. Ka1 Rc6 $19 {The
dangerous position of the king and the active black pieces make white's
position undefencible} 32. Ne3 Bh6 33. Nc4 Rxc4 0-1

[Event "WchT 4th"]
[Site "Luzern"]
[Date "1997.10.28"]
[Round "4.2"]
[White "Rodriguez Cespedes, Amador"]
[Black "Kozul, Zdenko"]
[Result "0-1"]
[WhiteElo "2545"]
[BlackElo "2605"]
[Annotator "Gofshtein,L"]
[PlyCount "64"]
[EventDate "1997.10.25"]
[EventType "team-tourn"]
[EventRounds "9"]
[EventCountry "SUI"]
[SourceTitle "CBM 062"]
[Source "ChessBase"]
[SourceDate "1998.01.31"]
[SourceVersion "1"]
[SourceVersionDate "1998.01.31"]
[SourceQuality "1"]
[WhiteTeam "Cuba"]
[BlackTeam "Croatia"]
[WhiteTeamCountry "CUB"]
[BlackTeamCountry "CRO"]

1. e4 c5 2. Nf3 Nc6 3. d4 cxd4 4. Nxd4 Nf6 5. Nc3 d6 6. Bg5 e6 7. Qd2 a6 8.
O-O-O Bd7 9. f4 b5 10. Bxf6 (10. Nxc6 Bxc6 11. Bd3 Be7) 10... gxf6 (10... Qxf6
11. e5 $1 dxe5 12. Ndxb5 Qd8 13. Nd6+ Bxd6 14. Qxd6 exf4 15. Bxa6 $5 Rxa6 16.
Nb5 $14) 11. Nxc6 (11. Kb1) (11. f5 Nxd4 12. Qxd4 Bh6+ 13. Kb1 Bf4 $13) 11...
Bxc6 12. Bd3 (12. Qe1) (12. Qe3) 12... b4 13. Ne2 Qb6 14. Kb1 h5 (14... a5 15.
f5 e5 16. Ng3 h5 17. Qe2 h4 18. Nh5 Ke7 19. g4 Bh6 20. Bc4 Rhd8 21. Bd5 Rac8
$15 {Berelovich-Filipenko,Russia 1996 black have a good counterplay}) 15. Qe1 (
15. Rhf1 a5 16. f5 e5 17. Ng1 Qc5 18. Qe2 a4 19. Bc4 Ke7 20. Nh3 Bh6 21. Rf3
Rhc8 22. b3 axb3 23. cxb3 Ra3 24. Rfd3 Rca8 25. Re1 Qa7 26. Qxh5 Be8 27. Qxh6
Rxa2 28. Rd2 Rxd2 29. Qxd2 Qa1+ 30. Kc2 Ra2+ 31. Kd3 Qd4+ {0-1 Short,N-Kozul,Z/
Belgrade 1989/CBM 16/[Boensch,U]}) 15... h4 $5 $146 (15... O-O-O 16. Qh4 Be7
17. f5 e5 18. Bc4 Rdg8 19. Ng3 Rg4 20. Qh3 Bxe4 21. Nxe4 Rxe4 22. Bxf7 Re3 23.
Qh4 Kb8 24. Rhe1 Rxe1 25. Rxe1 Qc5 26. Rd1 Rc8 27. Qe4 h4 28. Bb3 a5 29. Qd5
Qxd5 {1-0 Koglin,A-Mackova,E/Budapest FS04 IMW 1994/EXT 94}) (15... a5 16. Qh4
Be7 17. f5 e5 18. Ng3 O-O-O 19. Bc4 Rh7 20. Rhe1 Rg8 21. Qh3 Qf2 22. Nf1 Qc5
23. b3 Bd8 24. Qf3 Rg4 25. g3 Rhg7 26. Rd3 Bb6 27. h3 R4g5 28. Rd2 Kd7 29. Red1
Bc7 30. Rg2 {Adams,M-Kozul,Z/Wijk 1991/CBM 22/1-0 (58)}) (15... d5 16. exd5
Bxd5 17. f5 Qa5 18. Nc1 O-O-O 19. Qe2 exf5 20. Bxf5+ Kc7 21. Be4 Be6 22. Rxd8
Kxd8 23. Qf2 f5 24. Qd4+ Ke7 25. Bxf5 Qxf5 26. Qxh8 Qd5 27. Rf1 Qxg2 28. Qf6+
Ke8 29. Rd1 Be7 30. Qh8+ Bf8 31. Qxh5 Qg4 32. Qxg4 Bxg4 33. Re1+ Kd7 34. Nd3 f6
35. Nxb4 f5 36. Nd3 Kd6 {1-0 Tseshkovsky,V-Shmuter,L/St.Petersburg op 1993/TD
93\09}) 16. Rf1 $6 {white chooses a wrong plan here,16.Ng1-Nf3 was better here}
(16. Ng1 $5) 16... a5 17. f5 $6 (17. Ng1) 17... e5 18. Bc4 (18. Rf3 d5 19. Nf4
(19. Nc1 Qb7 $17) 19... d4) 18... Qe3 $1 $15 (18... Bxe4 $2 19. Nf4 $1) 19. Bd5
Bxd5 20. exd5 Rg8 21. Rf3 Qe4 22. Qf2 Rc8 $17 23. Nc1 Bh6 24. g3 (24. Nb3 a4
25. Na5 b3 26. axb3 axb3 27. Nxb3 Qa4 28. Qb6 Rxg2 $17) 24... hxg3 25. hxg3 Rc5
26. Rfd3 Bxc1 $1 (26... a4 27. Re1 Qg4 28. Rd4 Qxg3 29. Qxg3 Rxg3 30. Rxb4) 27.
Rxc1 Rg5 28. Rf1 Rxd5 29. Qb6 $2 (29. Re3 Rxf5 $19) (29. Rxd5 $142 Qxd5 30. b3
$17) 29... Rxd3 $19 30. Qb5+ Kf8 31. cxd3 Qe2 32. Rc1 Rxf5 0-1

[Event "RUS-ch sf 58th"]
[Site "Kazan"]
[Date "2005.09.04"]
[Round "2"]
[White "Timofeev, Artyom"]
[Black "Lugovoi, Aleksei"]
[Result "1-0"]
[WhiteElo "2661"]
[BlackElo "2556"]
[Annotator "Gofshtein,L"]
[PlyCount "79"]
[EventDate "2005.09.03"]
[EventType "swiss"]
[EventRounds "9"]
[EventCountry "RUS"]
[SourceTitle "CBM 109"]
[Source "ChessBase"]
[SourceDate "2005.11.14"]
[SourceVersion "1"]
[SourceVersionDate "2005.11.14"]
[SourceQuality "1"]

1. e4 c5 2. Nf3 d6 3. d4 cxd4 4. Nxd4 Nf6 5. Nc3 Nc6 6. Bg5 e6 7. Qd2 a6 8.
O-O-O Bd7 9. f3 Rc8 {Other lines are also possible, which usually brings to
other moves order} (9... Be7) (9... b5) (9... Qa5) 10. g4 b5 {a diffrent plan
is 10...Be7 giving good counterplay for black as we can see demonstrated in
the following games.} (10... Be7 11. Be3 (11. h4 b5 12. Nxc6 Rxc6 13. Kb1 Qa5
14. Ne2 Qxd2 15. Bxd2 e5 16. Ng3 $14 {0-1 Vartapetyan,A-Zubarev,A/Alushta 1999/
EXT 2001 (40)}) 11... h6 $5 (11... Ne5 12. g5 Nh5 13. Rg1 Qc7 14. f4 Nc4 15.
Bxc4 Qxc4 16. Kb1 g6 17. f5 O-O 18. f6 Bd8 19. Nb3 $16 {1-0 Spivak,I-Aseev,K/
Rostov 1993/TD (35)}) 12. h4 Nxd4 13. Qxd4 e5 14. Qd2 Qa5 15. Kb1 Be6 $132 {
1-0 Sutovsky,E-Estremera Panos,S/Vendrell 1996/EXT 98 (29)}) 11. Be3 {also
possible is 11.h4 or 11.Nxc6. giving chances for both sides.} (11. h4 Nxd4 12.
Qxd4 Bc6 13. Kb1 h6 14. Be3 Qc7 15. Bh3 b4 16. Qxb4 d5 $132 {1-0 Sakun,
V-Yarmysty,M/Lvov 2001/EXT 2003 (32)}) (11. Nxc6 $5 Rxc6 12. Bd3 Be7 13. Ne2
O-O 14. h4 h5 15. gxh5 Nxh5 16. Rhg1 {1-0 Fleck,J-De Gleria,F/Essen 2002/CBM
090 (26)}) 11... h6 $5 {black stops the pawn storm on the kingside and
generating counterplay in the queenside. another alternative is 11.Ne5
following b4 and d5 making the breakthrough in the center.} (11... Ne5 $5 12.
Bd3 b4 13. Nce2 Qa5 14. Kb1 d5 15. g5 dxe4 16. fxe4 Nfg4 $132 {0-1 Owosina,
T-Yahya,H/Moscow 1994/CBM 044 ext (36)}) 12. h4 Ne5 13. Be2 $5 $146 {a good
novelty previouslly white usually played 13. Bd3 but after 13...b4 and 14...d5
black reaches a good position with good counterplay considering he can always
exchange with tempo the bishop d3.} (13. Bd3 b4 14. Nce2 d5 $5 15. exd5 Nxd5
16. Nf4 Nxd3+ 17. Qxd3 Nxe3 18. Qxe3 Bc5 $132 {0-1 Gazik,I-Popovic,P/Stary
Smokovec 1991/CBM 026/[Boensch,U] (29)}) 13... g6 {black should have dealt
with the threats on the king side immediatly and not commence an early attack
for there is not sufficient counterplay for him on the queenside} (13... b4 14.
Nb1 d5 15. g5 $5) 14. a3 $5 {a prophylactic move, white couldn't promote the
pawn storm immediatly, considering the threat b4.} (14. g5 Nh5 (14... b4 $5 15.
Nb1 Nh5 16. f4 Nc4 17. Bxc4 Rxc4 18. Qd3 Rc8 19. Nd2 Qc7 $132) 15. f4 b4 16.
Nb1 Nc4 17. Bxc4 Rxc4 18. Qd3 Rc8 $132 {1-0 Rasmussen,C-Ziska,B/Aarhus 1991/
EXT 98 (40)}) 14... Qc7 15. Rhg1 Qb7 {[%cal Gb5b4] black moves the queen to b7
with the idea b4 compromising the pawn structure on the king's castle.} 16. g5
$16 Nh5 17. gxh6 {white carries on with his own attack.} Nc4 {intending to
open the b-file after 18.Bxc4 generating black with a valueble direct channle
for attack. Another alternative was 17...b4.} (17... b4 $5 18. axb4 Qxb4 19.
Nb3) 18. Bxc4 bxc4 19. Rde1 {clearing the d1 square for the knight.} d5 20.
exd5 Rb8 {[%cal Rb7b2]} 21. Nd1 Qxd5 {black destroyed the pawn center giving
him some counterplay. In spite of that white stands better, for the black king
which didn't castle yet is to much in jeopardy, allowing to many threats to be
generated.} 22. Qc3 {[%cal Rd4e6,Gc3h8]} (22. Rg5 $5 Qd6 23. Qc3 $16) 22... e5
23. f4 $1 $16 {white tries to force the e file open for a strong attack on the
black king in the center.} Bxh6 (23... Bd6 24. Bd2 O-O 25. Nf3 $40) 24. fxe5
Bg7 (24... Bxe3+ 25. Nxe3 $18) 25. Rg5 {[%cal Re5e6]} (25. Bd2 Be6) 25... Be6
26. Nf2 {[%cal Gf2g4]} (26. Bd2 $5 Rd8 27. Nxe6 Qxe6 28. Ne3 $18) 26... O-O 27.
Nxe6 Qxe6 28. Ng4 {[%cal Gg4f6]} Rfe8 29. Bd2 Red8 30. Rg1 {[%cal Gg5h5,Gg1g7]}
Kh8 31. Qe3 Rxd2 $5 (31... c3 $5 {deserved serious attention} 32. Bxc3 Qa2 {
with some counterplay}) 32. Kxd2 (32. Qxd2 Qb6 $1 $36 {[%cal Rb6g1,Rb6b2] with
a double attack on the b2 pawn and the rook on g1}) 32... Rxb2 33. Qd4 Rb8 (
33... Rb5 34. Qd8+ Kh7 35. Rxh5+ gxh5 36. Nf6+ Bxf6 37. Qg8+ Kh6 38. Rg6+ fxg6
39. Qxe6 Bxh4 40. Qe8 $18) 34. Kc1 c3 $5 (34... Bf8 $5 35. Qe3 c3 36. Qxc3 Nf4
$44) 35. Qd6 (35. Re1 Qa2 36. Qxc3 Nf4 $44) 35... Qe8 $2 {A mistake, black
should have exchanged queens, and in the endgame he has compensation for the
lost material} (35... Qxd6 $5 36. exd6 f5 37. Nf2 (37. Ne3 Bh6 38. Nc4 Nf4)
37... Nf4 $1 (37... Bh6 38. Nd3 Bxg5+ 39. hxg5 Kg7 40. Nc5 Nf4 41. Re1 $16) 38.
Re1 Bf8 $44) (35... Qc8 $5 {Was also interesting} 36. Rxh5+ gxh5 37. Nh6 Qb7
38. Nxf7+ Kg8 $11) 36. e6 $1 {A nice blow after which white's initiative
becomes very strong} f5 (36... fxe6 37. Ne5 Nf4 38. Nxg6+ Nxg6 39. Rh5+ Kg8 40.
Rxg6 Qxg6 41. Qxb8+ Kf7 42. Qf4+ Bf6 43. Rg5 Qh6 44. Kd1 $18) 37. Ne5 Kh7 38.
Rxg6 $2 (38. Nxg6 $1 {Was ending the game at once} Bh6 39. e7 $18) 38... Rb7 $2
(38... Qb5 $1 {was black's sudden chance to save the game} 39. Rxg7+ Nxg7 40.
Rxg7+ Kh8 $1 (40... Kxg7 41. Qe7+ $18) 41. Rh7+ Kg8 42. Rg7+ $11) 39. Nd7 $1
Qd8 40. Rxg7+ (40. Rxg7+ Nxg7 41. Nf8+ $18) 1-0

[Event "WchT 4th"]
[Site "Luzern"]
[Date "1997.10.25"]
[Round "1.2"]
[White "Adams, Michael"]
[Black "Kozul, Zdenko"]
[Result "1-0"]
[WhiteElo "2680"]
[BlackElo "2605"]
[Annotator "Gofshtein,L"]
[PlyCount "91"]
[EventDate "1997.10.25"]
[EventType "team-tourn"]
[EventRounds "9"]
[EventCountry "SUI"]
[SourceTitle "CBM 062"]
[Source "ChessBase"]
[SourceDate "1998.01.31"]
[SourceVersion "1"]
[SourceVersionDate "1998.01.31"]
[SourceQuality "1"]
[WhiteTeam "England"]
[BlackTeam "Croatia"]
[WhiteTeamCountry "ENG"]
[BlackTeamCountry "CRO"]

1. e4 c5 2. Nf3 Nc6 3. d4 cxd4 4. Nxd4 Nf6 5. Nc3 d6 6. Bg5 e6 7. Qd2 a6 8.
O-O-O Bd7 9. f4 h6 10. Bh4 g5 11. fxg5 Ng4 12. Be2 Nge5 13. Nf3 Be7 14. Kb1 (
14. Rhg1 b5 (14... Rc8 $5) 15. Rdf1 b4 (15... Qa5 16. Kb1 O-O-O 17. Nxe5 Nxe5
18. Be1 $1 $16 {Van der Wiel}) 16. Nd1 a5 17. Nf2 $14) 14... hxg5 15. Bg3 Nxf3
(15... b5 16. Rdf1 Rc8 (16... Nxf3 17. gxf3 Qc7 18. Nd1 Ne5 19. Ne3 a5 20. Rc1
Qc5 21. c4 b4 22. Bf2 Rh3 23. Ng4 Qc7 24. Nxe5 $14 {R.Hubner-Kortchnoi,Schweiz
1994} dxe5 25. c5) 17. Nxe5 Nxe5 18. Rf2 f6 19. Rhf1 Bc6 20. a3 Bb7 $1 $13 {
Short-Kasparov,London 1993}) 16. gxf3 Ne5 17. f4 $146 (17. h4 gxh4 18. f4 Ng6
19. Bf2 Bc6 20. f5 Ne5 21. fxe6 fxe6 22. Bg1 Bf6 {0-1 Wells,P-Nijboer,F/
Sonnevanck 1995/CBM 46}) (17. Qd4 Qc7 18. Na4 (18. h4 gxh4 19. f4 Ng6 20. f5
Ne5 21. Qf2 O-O-O 22. Bxh4 Bxh4 23. Rxh4 Qc5 24. Qh2 Rxh4 25. Qxh4 exf5 26. Qf6
Bc6 27. Qxf5+ Kc7 28. a3 Rg8 29. Qf6 Re8 30. Bh5 Re6 31. Qf4 Re7 32. Qg5 Rd7 {
Hegde,R-Ganesan,S/IND-ch 1988/EXT 88ch/1-0 (56)}) 18... Bc6 19. Nb6 Rd8 20. Rd2
Bf6 21. Qb4 g4 22. f4 Nf3 23. Bxf3 gxf3 24. Nc4 d5 25. f5 Qxg3 26. fxe6 dxc4
27. exf7+ Kxf7 28. Qxc4+ Kg7 29. Rxd8 Bxd8 30. Qd4+ Bf6 {0-1 Almasi,I-Wells,P/
HUN-chT1 1995/EXT 95ch}) 17... gxf4 18. Bxf4 Qc7 19. h4 b5 (19... Rxh4 20. Bg5
Rxh1 21. Rxh1 Bxg5 22. Qxg5 Ng6 23. Bh5 Qd8 24. Qd2 Ne5 25. Qxd6 Qf6 26. Nd5)
20. a3 Rb8 (20... O-O-O 21. h5 $16) 21. h5 a5 (21... b4 22. axb4 Rxb4 23. Nd5)
22. Na2 b4 (22... Bc6 23. Qd4 Bf6 24. Rhf1 $16) 23. axb4 axb4 24. Rh3 $1 $14 (
24. Nxb4 Qb7 $132) 24... Qc5 (24... Qb7 25. Nxb4 Qxe4 (25... Qxb4 26. Rb3) 26.
Na6 $18) 25. Rb3 Nc6 (25... Bc6 26. Nxb4 Bxe4 27. Na6) 26. c3 bxc3 $1 $16 27.
Rxb8+ Nxb8 28. Nxc3 Bc6 (28... Nc6 29. Bxd6 Qxd6 30. Qxd6 Bxd6 31. Rxd6 $16 Rg8
32. Rd1 Rg2) 29. Be3 $1 (29. Bxd6 $143 Bxd6 30. Qxd6 Qxd6 31. Rxd6 Rg8 32. Rd1
Rg2 $14 33. Rh1 $2 Rxe2) 29... Qb4 30. Qd3 Nd7 $6 (30... Bf6 $142 31. Bf3 Ke7)
31. Bd4 Bf6 (31... Ne5 32. Qa6 $16) 32. Bxf6 Nxf6 33. Bf3 Nd7 (33... Ke7 34. e5
$1) 34. Qxd6 Qxd6 35. Rxd6 Ne5 36. Be2 Ke7 $6 (36... Rg8 $142) 37. Rd1 Nd7 38.
Kc2 Nf6 39. Bf3 Rg8 40. e5 $1 Bxf3 41. exf6+ Ke8 (41... Kxf6 42. Rf1 Rg3 43.
Ne4+ $18) 42. Rd6 $1 Rg2+ (42... Bxh5 43. Nb5 $18) (42... Rg5 43. h6 Rh5 (43...
Bh5 44. b4 Bg6+ 45. Kb3 Rf5 46. b5 Rxf6 47. b6 Ke7 48. b7) 44. h7 $1 $18) 43.
Kb3 Rg3 44. Ka2 Rg2 45. h6 Be2 46. h7 1-0

[Event "Montreal 6th"]
[Site "Montreal"]
[Date "2005.08.14"]
[Round "11"]
[White "Efimenko, Zahar"]
[Black "Tyomkin, Dimitri"]
[Result "1-0"]
[WhiteElo "2643"]
[BlackElo "2467"]
[Annotator "Gofshtein,L"]
[PlyCount "58"]
[EventDate "2005.08.03"]
[EventType "tourn"]
[EventRounds "11"]
[EventCountry "CAN"]
[EventCategory "12"]
[SourceTitle "CBM 109"]
[Source "ChessBase"]
[SourceDate "2005.11.14"]
[SourceVersion "1"]
[SourceVersionDate "2005.11.14"]
[SourceQuality "1"]

1. e4 {[%mdl 4]} c5 2. Nf3 Nc6 3. d4 cxd4 4. Nxd4 Nf6 5. Nc3 d6 6. Bg5 e6 7.
Qd2 a6 8. O-O-O Bd7 9. f3 {Recently this move became more popular than 9.f4}
Be7 10. Be3 {White transfers the bishop, making way for the pawns on the
kingside} h5 {Black prevents the advance g2-g4. 10...b5 also deserved
attention and as the tournament practice shows black has counter chances} (
10... O-O 11. g4 Nxd4 12. Bxd4 Bc6 13. h4 (13. g5 Nh5 $6 14. Be3 Qc7 15. Bh3
$36 {[%cal Rh3g4] 1-0 Tarjan,J-Mednis,E/Riga 1979/IZT (38)}) 13... Nd7 (13...
b5 14. h5 b4 15. Ne2 d5 16. e5 Nd7 17. Kb1 a5 18. f4 Nb6 $132 {1/2-1/2 Ochoa
de Echaguen,F-Eslon,J/Linares 1978/MCD (73)}) 14. g5 b5 15. Bd3 Qa5 16. Kb1 b4
17. Ne2 Rfb8 18. b3 Qc7 19. h5 e5 20. Bb2 Bb5 21. g6 $40 {[#]. 1-0 Dutreeuw,
M-Mohandesi,S/Brussels 1995/EXT 97 (37)}) (10... b5 11. g4 Nxd4 $5 (11... O-O
12. g5 Ne8 13. h4 Nc7 14. Rg1 b4 15. Nxc6 Bxc6 16. Ne2 d5 17. Nd4 Bb7 18. e5
$16 {1-0 Shamkovich,L-Peters,J/Mentor 1977/MCL (28)}) 12. Bxd4 b4 13. Ne2 e5
14. Be3 Qa5 15. Kb1 Be6 16. Nc1 h6 17. Nb3 Qc7 $132 {0-1 Movsesian,S-Miton,K/
Moscow 2004/CBM 100/[Ftacnik] (46)}) 11. Kb1 (11. f4 {Another possible plan is
connected with the advance f3-f4 as the games below show black doesn't have
too much problems and gets counterplay} b5 12. Bd3 Qb8 13. Nf3 Bd8 $132 {
1/2-1/2 De la Villa Garcia,J-Garcia Ilundain,D/Zaragoza 1995/EXT 97 (23)}) (11.
h3 Qc7 12. f4 Nxd4 13. Bxd4 e5 14. Be3 Bc6 15. Bd3 b5 $132 {1/2-1/2 Calzetta
Ruiz,M-Gaponenko,I/Dresden 2004/CBM 099 ext (55)}) 11... Qc7 12. h3 (12. Qf2 b5
13. Nxc6 Bxc6 14. Bd4 b4 15. Ne2 e5 16. Bb6 Qb7 $132 {0-1 Sahu,S-Mednis,E/New
York 1984/MCD (36)}) 12... Rc8 {12...0-0-0 deserved attention, getting a solid
position though slightly passive} (12... O-O-O $5 13. Nb3 Be8 14. Qf2 Nd7 15.
f4 Kb8 16. Be2 h4 $14 {1/2-1/2 Lopez Gracia,F-Baron Rodriguez,J/Zaragoza 2004/
CBM 099 ext (65)}) (12... h4) 13. Bd3 b5 $6 {13...h4 deserved attention,
preventing the advance of the white pawns} (13... h4 $5 14. f4) 14. g4 {
White starts a typical attack on the kingside} Nxd4 15. Bxd4 b4 {Black tries
to get some counterplay but due to the weak position of his king, white's
chances are significatly preferable} 16. Ne2 e5 17. Be3 Be6 18. g5 Nd7 19. f4
$1 {A typical move for such a position. White tries to open up the position
and get to the black king} exf4 {In case of 19...Bc4 20.f5 white's edge is
indisputable} (19... Qa5 20. a3 exf4 21. Nxf4 Rb8 22. Nxe6 $16 fxe6) (19... Bc4
20. f5 $40) 20. Nxf4 $16 Ne5 (20... Qb7 21. Qe2 $36 {[%cal Rd3a6,Yf4h5]}) 21.
Nxe6 fxe6 22. Bxa6 {Now white has besides the positional advantage, also a
material one} Rb8 23. Rhf1 {[%cal Rf1f8] Bringing the rook to the centre and
preventing the castling from black, further increasing his advantage} Rf8 24.
Qe2 $18 {[%cal Ge2h5]} Rxf1 (24... g6 25. Bb5+ Kd8 26. Rxf8+ Bxf8 27. Ba4 $18 {
[%cal Ra4b3,Gb3e6]}) 25. Qxf1 (25. Rxf1 $5) 25... Nd7 {It is difficult for
black to create some real threats. For example, after 25...Qc6 26.Bd3 black
doesn't have any follow up} (25... Qc6 26. Bd3 (26. Qe2 Qxe4 27. Qxh5+ Kd7 28.
Re1 $36) 26... b3 27. axb3) 26. Qe2 {[%cal Re2h5]} g6 27. Bc4 {[%cal Yc4e6]}
Nf8 28. h4 Qxc4 29. Qxc4 d5 1-0